Score 0/30 Timer 04:00
0 Plays Today
Hint Answer % Correct
Home _____ 2: Lost in New YorkAlone
96.4%
A Nightmare on _____ Street 2: Freddy's RevengeElm
96%
Star Wars Episode V: The Empire _____ BackStrikes
95.1%
Teenage _____ Ninja Turtles II: The Secret of the OozeMutant
94.5%
The _____ Clause 3: The Escape ClauseSanta
92.3%
Nutty _____ II: The KlumpsProfessor
92.2%
_____ of the Nerds II: Nerds in ParadiseRevenge
88.5%
Legally Blonde 2: Red, _____ & BlondeWhite
87.9%
The _____ Gun 2 1/2: The Smell of FearNaked
86.6%
Star Trek III: The _____ for SpockSearch
84.6%
Sister Act 2: _____ in the HabitBack
82%
Halloween 4: The Return of _____ MyersMichael
80.2%
Homeward Bound II: _____ in San FranciscoLost
79.4%
Speed 2: _____ ControlCruise
75%
Terminator 2: _____ DayJudgment
71.5%
Hint Answer % Correct
Friday the 13th Part VIII: Jason _____ ManhattanTakes
69.5%
Step _____ 2: The StreetsUp
68.6%
Poltergeist II: The _____ SideOther
68.3%
Superman IV: The _____ for PeaceQuest
61.3%
City Slickers II: The Legend of Curly's _____Gold
53.6%
Gremlins 2: The New _____Batch
45.9%
Breakin' 2: _____ BoogalooElectric
45.6%
Barbershop 2: Back in _____Business
44.6%
Miss Congeniality 2: _____ and FabulousArmed
44.3%
Spy Kids 2: The _____ of Lost DreamsIsland
43%
Police Academy 5: Assignment _____ BeachMiami
42.1%
Porky's II: The Next _____ Day
38.5%
Hellboy II: The Golden _____ Army
30.4%
Highlander II: The _____Quickening
21.6%
Under Siege 2: Dark _____Territory
15%

Today's Daily Dose

Remove Ads.
Support Sporcle.
Get the best of Sporcle when you Go Orange. This ad-free experience offers more features, more stats, and more fun while also helping to support Sporcle. Thank you for becoming a member.

You're not logged in!

Compare scores with friends on all Sporcle quizzes.
OR
Log In

Show Comments

Extras

Top Quizzes Today


Score Distribution

Your Account Isn't Verified!

In order to create a playlist on Sporcle, you need to verify the email address you used during registration. Go to your Sporcle Settings to finish the process.

Report this User

Report this user for behavior that violates our Community Guidelines.

Details: